000
00371nam a2200145Ia 4500
008
231129s1999||||xx |||||||||||||| ||spa||
020
_a
968-444-280-7
040
_b
spa
082
_a
530 H611f
100
_a
Hewitt Paul G
245
0
_a
Fisica conceptual
260
_c
1999
264
_a
Pearson Wesley Longman
942
_2
ddc
_c
BKS
999
_c
14021
_d
14021